Normal view
MARC view
Entry Personal Name
001 - CONTROL NUMBER
- control field: 6448
003 - CONTROL NUMBER IDENTIFIER
- control field: BD-RjUL
005 - DATE AND TIME OF LATEST TRANSACTION
- control field: 20221227115222.0
008 - FIXED-LENGTH DATA ELEMENTS
- fixed length control field: 221227|| aca||aabn | a|a d
040 ## - CATALOGING SOURCE
- Original cataloging agency: BD-RjUL
- Transcribing agency: BD-RjUL
100 ## - HEADING--PERSONAL NAME
- Personal name: ابن سينا، أبو علي Ibn Sina, Abu Ali
- Dates associated with a name: 370-428 هجري[980-1037 م.]
670 ## - SOURCE DATA FOUND
- Source citation: Work cat.: (BD-RjUL)81022: ابن سينا، أبو علي Ibn Sina, Abu Ali 370-428 هجري[980-1037 م.] مؤلف, كتاب عيون الحكمة / Kitāb ʻUyūn al-ḥikmah /